00309nam a2200145Ia 45000030006000000080041000060400015000471000013000622450016000752500006000912600029000973000006001265460014001320050017001460STCL150530s9999 xx 000 0 und d aSTCLcSTCL aKunhunni aKuttipencil a2 bDC Books; Kottayamc1983 a0 aMalayalam20220125171643.0